00508nam a2200157Ia 450000500170000000800410001704100080005808200150006610000240008124500310010526000360013630000090017265000200018199900190020195201300022020250729165746.0250729s2013 xx 000 0 und d aeng a900.7 MANT aS.K .Mangal9232291 aTeaching of Social Studies aNew DelhibP H I Learningc2013 a456p aHistory9232292 c239709d239709 00104070aALbALd2025-07-29eManagement Bookg350.00l0o900.7 MANTpBED05028r2025-07-29 16:57:46v350.00w2025-07-29yBK